[Event "Mezinarodni turnaj - CALLIDITAS OPEN"]
[Site "Plzen"]
[Date "2020.08.26"]
[Round "5.7"]
[White "Seterle, Matej"]
[Black "Vantuch, Lucian"]
[Result "1-0"]
[WhiteElo "1745"]
[BlackElo "1966"]
[PlyCount "137"]
[EventDate "2020.08.23"]

1. e4 c5 2. Nc3 e6 3. Nf3 Nc6 4. d3 g6 5. Be2 Bg7 6. O-O d5 7. Bf4 d4 8. Nb5 e5
9. Bg3 a6 10. Na3 Nge7 11. Nc4 Qc7 12. a4 Be6 13. Nfd2 O-O 14. f4 f6 15. a5
Rad8 16. fxe5 fxe5 17. Bf3 Nc8 18. b3 N8a7 19. Be1 Nb5 20. Bg4 Rxf1+ 21. Nxf1
Qd7 22. Bxe6+ Qxe6 23. Bd2 Rf8 24. Ng3 h5 25. Qe1 h4 26. Ne2 Qg4 27. h3 Qh5 28.
Kh1 g5 29. Ng1 Qg6 30. Qe2 Nc3 31. Qg4 Rf2 32. Nf3 Nb4 33. Na3 Ne2 34. Nxh4 Qf7
35. Nf3 Nf4 36. Rg1 Qf6 37. Qg3 Re2 38. Re1 Rxg2 39. Qxg2 Nxg2 40. Kxg2 Bh6 41.
Bxb4 cxb4 42. Nc4 g4 43. hxg4 Qf4 44. Nfxe5 Bg7 45. Rf1 Qg5 46. Rf5 Qc1 47. Rf2
Qg5 48. Nf3 Qxg4+ 49. Kf1 Qh3+ 50. Ke2 Qh1 51. e5 Qh5 52. Rg2 Kf8 53. Rg5 Qh3
54. Nd6 Bh6 55. Rg6 Be3 56. Nf5 Qxf5 57. Rf6+ Qxf6 58. exf6 Kf7 59. Ne5+ Kxf6
60. Ng4+ Ke6 61. Nxe3 dxe3 62. Kxe3 Kd5 63. d4 Kc6 64. Ke4 Kb5 65. d5 Kxa5 66.
d6 Kb6 67. Ke5 a5 68. Ke6 Ka7 69. d7 1-0

[Event "Mezinarodni turnaj - CALLIDITAS OPEN"]
[Site "Plzen"]
[Date "2020.08.26"]
[Round "5.8"]
[White "Chval, Zdenek"]
[Black "Bechynsky, Jan"]
[Result "1-0"]
[WhiteElo "1676"]
[BlackElo "1955"]
[PlyCount "63"]
[EventDate "2020.08.23"]

1. e4 c5 2. Nf3 Nc6 3. d4 cxd4 4. Nxd4 d6 5. Nc3 Nf6 6. Be2 g6 7. Be3 Bg7 8. f3
Bd7 9. Qd2 Rc8 10. O-O O-O 11. Rad1 a6 12. a4 Re8 13. Nxc6 Bxc6 14. Bc4 Qa5 15.
Bb3 Nd7 16. Bd4 Bxd4+ 17. Qxd4 Qc5 18. Bd5 Nb6 19. Qxc5 dxc5 20. Bxc6 Rxc6 21.
b3 c4 22. b4 e6 23. Rd4 Rc7 24. Rfd1 Kg7 25. e5 Ree7 26. a5 Nc8 27. f4 Na7 28.
Ne4 Nb5 29. Rd8 c3 30. Nf6 Kh6 31. g4 g5 32. Rg8 1-0

[Event "Mezinarodni turnaj - CALLIDITAS OPEN"]
[Site "Plzen"]
[Date "2020.08.26"]
[Round "5.9"]
[White "Kubat, Miroslav"]
[Black "Tscharotschkin, Michael"]
[Result "1/2-1/2"]
[WhiteElo "2019"]
[BlackElo "2174"]
[PlyCount "64"]
[EventDate "2020.08.23"]

1. e4 e6 2. d4 d5 3. Nd2 Nf6 4. Bd3 dxe4 5. Nxe4 Nbd7 6. Nf3 Nxe4 7. Bxe4 Nf6
8. Bd3 Be7 9. O-O O-O 10. Bg5 h6 11. Bh4 Nd7 12. Bxe7 Qxe7 13. c3 b6 14. Bc2
Bb7 15. Qd3 Nf6 16. Rfe1 Bxf3 17. Qxf3 Rad8 18. Rad1 Qd6 19. h3 Rfe8 20. Qe3 c6
21. Qd3 Kf8 22. Re3 b5 23. Re5 Qxe5 24. dxe5 Rxd3 25. Rxd3 Nd5 26. g3 Ke7 27.
Kf1 Nb6 28. b3 Nd5 29. a3 Rd8 30. Ke2 f6 31. exf6+ Nxf6 32. Rxd8 Kxd8 1/2-1/2

[Event "Mezinarodni turnaj - CALLIDITAS OPEN"]
[Site "Plzen"]
[Date "2020.08.26"]
[Round "5.10"]
[White "Pacl, Vaclav"]
[Black "Jares, Michal"]
[Result "1/2-1/2"]
[WhiteElo "2021"]
[BlackElo "1906"]
[PlyCount "62"]
[EventDate "2020.08.23"]

1. Nf3 c5 2. b3 Nf6 3. Bb2 g6 4. g3 Bg7 5. Bg2 O-O 6. O-O d5 7. e3 Nc6 8. d4
Ne4 9. Nbd2 Bg4 10. h3 Nxd2 11. Qxd2 Bxf3 12. Bxf3 cxd4 13. exd4 e6 14. Rfd1
Qb6 15. h4 h5 16. Kg2 Ne7 17. Ba3 Rfe8 18. Bc5 Qc7 19. Bxe7 Rxe7 20. Rab1 Rd8
21. Qd3 Red7 22. Rd2 b6 23. Re2 Qd6 24. Rd1 Rc7 25. c3 Rdc8 26. Rc2 Qa3 27. Be2
Qa5 28. c4 dxc4 29. bxc4 Rd8 30. Qe4 Rcd7 31. Rcd2 Bh6 1/2-1/2

[Event "Mezinarodni turnaj - CALLIDITAS OPEN"]
[Site "Plzen"]
[Date "2020.08.26"]
[Round "5.11"]
[White "Svanda, Adam"]
[Black "Folkova, Martina"]
[Result "0-1"]
[WhiteElo "1852"]
[BlackElo "2001"]
[PlyCount "92"]
[EventDate "2020.08.23"]

1. c4 e6 2. g3 d5 3. Bg2 Nf6 4. Nf3 Be7 5. O-O O-O 6. d3 c5 7. cxd5 exd5 8. d4
b6 9. b3 Bb7 10. Bb2 Nbd7 11. Nbd2 Rc8 12. Rc1 Ne4 13. Nxe4 dxe4 14. Ne5 cxd4
15. Rxc8 Qxc8 16. Nxd7 Qxd7 17. Qxd4 Qxd4 18. Bxd4 Rc8 19. a4 Bd5 20. Rb1 f5
21. Bh3 g6 22. e3 Bb4 23. g4 Be6 24. gxf5 gxf5 25. Rb2 Kf7 26. f3 exf3 27. Kf2
Bd6 28. Kxf3 Bd5+ 29. Ke2 Be4 30. Kd1 Ba3 31. Ra2 Bb4 32. Bg2 Bd3 33. Bd5+ Ke7
34. Rg2 Kd6 35. Bb7 Rc7 36. Bf3 Ke6 37. Ba8 Bd6 38. Rd2 Bf1 39. Rf2 Bd3 40. Rd2
Bb1 41. Rb2 Bd3 42. Rd2 Ba6 43. e4 fxe4 44. Bxe4 Bf4 45. Rc2 Rd7 46. Rc6+ Ke7
0-1

[Event "Mezinarodni turnaj - CALLIDITAS OPEN"]
[Site "Plzen"]
[Date "2020.08.26"]
[Round "5.12"]
[White "Hoke, Petr"]
[Black "Langmajer, Jan"]
[Result "1-0"]
[WhiteElo "1980"]
[BlackElo "1716"]
[PlyCount "55"]
[EventDate "2020.08.23"]

1. d3 d5 2. Nd2 e5 3. g3 f5 4. Bg2 Nf6 5. a3 Bd6 6. b4 c6 7. c4 O-O 8. Bb2 Qe8
9. Qb3 Be6 10. Ngf3 Bf7 11. Nh4 g6 12. Nhf3 Nbd7 13. Ng5 e4 14. Nxf7 Qxf7 15.
dxe4 fxe4 16. O-O a5 17. cxd5 cxd5 18. f4 a4 19. Qe3 Bc7 20. Bh3 Rac8 21. Bd4
Bd8 22. Rac1 Be7 23. Nb1 b5 24. Nc3 Rb8 25. f5 Rfd8 26. fxg6 hxg6 27. Qf4 Qh7
28. Be6+ 1-0

[Event "Mezinarodni turnaj - CALLIDITAS OPEN"]
[Site "Plzen"]
[Date "2020.08.26"]
[Round "5.13"]
[White "Macho, Miloslav"]
[Black "Schubert, Gerhard"]
[Result "0-1"]
[WhiteElo "1661"]
[BlackElo "1976"]
[PlyCount "74"]
[EventDate "2020.08.23"]

1. g3 e5 2. Bg2 Nc6 3. c4 d6 4. Nc3 Be6 5. b3 Qd7 6. Nf3 Be7 7. O-O Bh3 8. d4
exd4 9. Nxd4 h5 10. Nd5 Bd8 11. Nxc6 bxc6 12. Nf4 Bxg2 13. Kxg2 Bf6 14. Rb1 h4
15. Rh1 Qf5 16. Qd3 h3+ 17. Kf1 Qa5 18. a3 Ne7 19. b4 Qa4 20. g4 a5 21. Nxh3
Ng6 22. f4 Rxh3 23. Qxh3 Qd1+ 24. Kf2 Qxh1 25. f5 Bh4+ 26. Ke3 Bg5+ 27. Kd4
Qd1+ 28. Qd3 Qxd3+ 29. exd3 Bxc1 30. Rxc1 Ne5 31. Re1 Kd7 32. Re2 axb4 33. axb4
Ra3 34. Re3 Nxg4 35. Rg3 Ne5 36. Rxg7 Rxd3+ 37. Ke4 Rh3 0-1

[Event "Mezinarodni turnaj - CALLIDITAS OPEN"]
[Site "Plzen"]
[Date "2020.08.26"]
[Round "5.14"]
[White "Nosek, Jan"]
[Black "Molnar, Ladislav"]
[Result "1-0"]
[WhiteElo "1968"]
[BlackElo "1698"]
[PlyCount "87"]
[EventDate "2020.08.23"]

1. e4 e6 2. d4 d5 3. Nd2 Nf6 4. e5 Nfd7 5. Bd3 c5 6. c3 Nc6 7. Ne2 Be7 8. O-O
Qb6 9. Nf3 cxd4 10. cxd4 O-O 11. Nf4 g6 12. Bb1 Re8 13. Re1 Bf8 14. Re3 Bg7 15.
Rb3 Qd8 16. Ne2 f6 17. exf6 Nxf6 18. Bf4 Nh5 19. Bg5 Bf6 20. Bxf6 Qxf6 21. Re3
Rf8 22. Qe1 Nf4 23. Nxf4 Qxf4 24. g3 Qf6 25. Qd2 b6 26. Bc2 Bb7 27. Rae1 Rae8
28. Ba4 Re7 29. Bxc6 Bxc6 30. Ne5 Bb7 31. a4 Rc8 32. Ng4 Qg7 33. Rxe6 Rcc7 34.
Qf4 Bc8 35. Rxe7 Rxe7 36. Rxe7 Qxe7 37. Qe5 Kf7 38. Qxd5+ Be6 39. Qf3+ Kg7 40.
Qe3 Kf8 41. Qf4+ Bf5 42. Qb8+ Kf7 43. Nh6+ Ke6 44. Qe5+ 1-0

[Event "Mezinarodni turnaj - CALLIDITAS OPEN"]
[Site "Plzen"]
[Date "2020.08.26"]
[Round "5.16"]
[White "Klabenes, Petr"]
[Black "Nandi, Robin J"]
[Result "0-1"]
[WhiteElo "1660"]
[BlackElo "1902"]
[PlyCount "68"]
[EventDate "2020.08.23"]

1. e4 e5 2. f4 exf4 3. Nf3 g5 4. h4 g4 5. Ne5 Nf6 6. Bc4 d5 7. exd5 Nxd5 8. Nc3
Be6 9. d3 c6 10. Ne4 Be7 11. Bxd5 cxd5 12. Nf2 h5 13. Bxf4 Bxh4 14. g3 Bf6 15.
Qd2 Nc6 16. d4 Qa5 17. c3 O-O-O 18. Nfd3 h4 19. Bg5 Bxg5 20. Qxg5 hxg3 21. Ke2
Nxe5 22. Qxe5 Qc7 23. Qxh8 Rxh8 24. Rxh8+ Kd7 25. Ne5+ Ke7 26. Rg1 Qb6 27. Nd3
Qd6 28. Rh5 f5 29. Rh6 f4 30. Nc5 f3+ 31. Kf1 Qf4 32. Rxe6+ Kf7 33. Re5 g2+ 34.
Rxg2 Qc1+ 0-1

[Event "Mezinarodni turnaj - CALLIDITAS OPEN"]
[Site "Plzen"]
[Date "2020.08.26"]
[Round "5.17"]
[White "Janecek, Pavel"]
[Black "Teply Koutsky, David"]
[Result "1/2-1/2"]
[WhiteElo "1900"]
[BlackElo "1512"]
[PlyCount "132"]
[EventDate "2020.08.23"]

1. e4 e6 2. d4 d5 3. Nd2 c5 4. exd5 exd5 5. Ngf3 Nf6 6. Bb5+ Nc6 7. Ne5 Bd7 8.
Nxd7 Qxd7 9. O-O cxd4 10. Re1+ Be7 11. Nf3 O-O 12. Nxd4 Bc5 13. c3 a6 14. Ba4
Qc7 15. Bg5 Ne4 16. Bh4 Qb6 17. Bxc6 bxc6 18. Re2 Rfe8 19. Qa4 Rac8 20. Rae1
Bxd4 21. cxd4 Nd6 22. f3 Rxe2 23. Rxe2 Nc4 24. b3 Nd6 25. Bf2 Qb5 26. Qxb5 axb5
27. Bg3 Nf5 28. Bf2 Nd6 29. g4 Re8 30. Rc2 Rc8 31. Bg3 Nb7 32. Kf2 Kf8 33. h4
f6 34. Ke3 Ke7 35. Kd3 Kd7 36. Bf2 Rf8 37. a4 bxa4 38. bxa4 f5 39. g5 Ra8 40.
Rb2 Kc7 41. Rb4 Ra6 42. Bg3+ Kc8 43. Kc3 Nd8 44. Rb8+ Kd7 45. Kb3 Ra7 46. Rb6
Ne6 47. Be5 h6 48. g6 h5 49. Kb4 Nf8 50. Bxg7 Nxg6 51. Bf6 Kc7 52. a5 Rb7 53.
Kc5 Rxb6 54. axb6+ Kb7 55. Bd8 Nf4 56. Kd6 Ne2 57. Ke5 Ng1 58. Kf4 Ne2+ 59. Ke3
Nc3 60. Kf4 Ne2+ 61. Ke5 Ng1 62. Kxf5 Nxf3 63. Bf6 Kxb6 64. Kf4 Nxh4 65. Bxh4
c5 66. dxc5+ Kxc5 1/2-1/2

[Event "Mezinarodni turnaj - CALLIDITAS OPEN"]
[Site "Plzen"]
[Date "2020.08.26"]
[Round "5.18"]
[White "Cipl, Jan"]
[Black "Chudek, Lubomir"]
[Result "1/2-1/2"]
[WhiteElo "1634"]
[BlackElo "1785"]
[PlyCount "61"]
[EventDate "2020.08.23"]

1. e4 c5 2. c3 Nf6 3. e5 Nd5 4. d4 cxd4 5. cxd4 e6 6. Nf3 Nc6 7. Bc4 Nb6 8. Bb3
d6 9. O-O Be7 10. exd6 Qxd6 11. Nc3 Nd5 12. Nxd5 exd5 13. Re1 O-O 14. Ne5 Bf6
15. Bf4 Qb4 16. Bxd5 Bxe5 17. Bxe5 Nxe5 18. Rxe5 Qxb2 19. Rb1 Qa3 20. Qf3 Qxf3
21. Bxf3 Rb8 22. Re7 b6 23. Rxa7 Bf5 24. Rd1 Rfd8 25. d5 Rd6 26. Kf1 Kf8 27.
Ke2 Rbd8 28. Ke1 Re8+ 29. Kd2 Red8 30. Ke1 Re8+ 31. Kd2 1/2-1/2

[Event "Mezinarodni turnaj - CALLIDITAS OPEN"]
[Site "Plzen"]
[Date "2020.08.26"]
[Round "5.21"]
[White "Bassani, Eduardo"]
[Black "Mastny, Theodor"]
[Result "1/2-1/2"]
[WhiteElo "1957"]
[BlackElo "1440"]
[PlyCount "62"]
[EventDate "2020.08.23"]

1. e4 d5 2. exd5 Qxd5 3. Nc3 Qa5 4. Bc4 c6 5. d4 Nf6 6. Nge2 Bf5 7. O-O e6 8.
Ng3 Bg6 9. f4 Be7 10. f5 exf5 11. Qe2 Qd8 12. Bg5 O-O 13. Rad1 Re8 14. Rfe1
Nbd7 15. Qf3 Bb4 16. Kh1 h6 17. Bh4 Qc7 18. Rxe8+ Rxe8 19. Rf1 Bxc3 20. bxc3 f4
21. Ne2 Bxc2 22. Bxf6 Nxf6 23. Nxf4 Qe7 24. Nh5 Bg6 25. Nxf6+ Qxf6 26. Qxf6
gxf6 27. Rxf6 Re1+ 28. Rf1 Re3 29. Rf3 Re1+ 30. Rf1 Re3 31. Rf3 Re1+ 1/2-1/2

[Event "Mezinarodni turnaj - CALLIDITAS OPEN"]
[Site "Plzen"]
[Date "2020.08.26"]
[Round "5.22"]
[White "Hoerhold, Karola"]
[Black "Vachal, Josef"]
[Result "1-0"]
[WhiteElo "1725"]
[BlackElo "1808"]
[PlyCount "43"]
[EventDate "2020.08.23"]

1. e4 e6 2. d4 d5 3. Nd2 Nf6 4. e5 Nfd7 5. Ngf3 c5 6. c3 Nc6 7. Bd3 Qb6 8. O-O
cxd4 9. cxd4 Nxd4 10. Nxd4 Qxd4 11. Nf3 Qb6 12. Qa4 Bc5 13. Qg4 g6 14. a3 Qb3
15. Bb1 O-O 16. Ba2 Qb6 17. b4 Be7 18. Bh6 Re8 19. Qf4 f5 20. g4 Kh8 21. Ng5
Qd8 22. Nf7+ 1-0

[Event "Mezinarodni turnaj - CALLIDITAS OPEN"]
[Site "Plzen"]
[Date "2020.08.26"]
[Round "5.23"]
[White "Dudova, Pavlina"]
[Black "Lorenc, David"]
[Result "0-1"]
[WhiteElo "1496"]
[BlackElo "1772"]
[PlyCount "76"]
[EventDate "2020.08.23"]

1. e4 c5 2. Nf3 d6 3. d4 cxd4 4. Nxd4 Nf6 5. Nc3 a6 6. Be2 Qc7 7. O-O e6 8. f4
b5 9. a3 Bb7 10. Bf3 Nbd7 11. Kh1 Be7 12. Qe1 Rc8 13. Qg3 O-O 14. Re1 Nb6 15.
e5 Nfd7 16. exd6 Bxd6 17. Ne4 Bxe4 18. Bxe4 Nf6 19. Bd3 Rfd8 20. Nf3 Nbd5 21.
Ne5 Ne7 22. Bd2 Nf5 23. Bxf5 exf5 24. Bc3 Ne4 25. Qh4 Nxc3 26. bxc3 Qxc3 27.
Qg5 Bxe5 28. fxe5 Qxc2 29. e6 fxe6 30. Rxe6 Rd1+ 31. Re1 Rxa1 32. Rxa1 h6 33.
Qe3 Qc3 34. Qe6+ Kh8 35. Re1 f4 36. h3 f3 37. gxf3 Qxf3+ 38. Kg1 Rc2 0-1

[Event "Mezinarodni turnaj - CALLIDITAS OPEN"]
[Site "Plzen"]
[Date "2020.08.26"]
[Round "5.24"]
[White "Mametev, Artem"]
[Black "Navratil, Ladislav"]
[Result "0-1"]
[WhiteElo "1479"]
[BlackElo "1746"]
[PlyCount "110"]
[EventDate "2020.08.23"]

1. e4 c5 2. Nf3 d6 3. c4 g6 4. d4 Bg7 5. dxc5 Qa5+ 6. Bd2 Qxc5 7. Nc3 Bg4 8. h3
Bxf3 9. Qxf3 Nd7 10. Qe2 Ngf6 11. Qe3 Qc6 12. Nd5 Nc5 13. f3 e6 14. Nxf6+ Bxf6
15. Bc3 Bh4+ 16. Kd1 e5 17. Qd2 Qa6 18. Kc2 Rc8 19. b3 Ne6 20. c5 Qc6 21. Qxd6
Nd4+ 22. Kd3 Qxc5 23. Qxc5 Rxc5 24. Bxd4 exd4 25. Be2 O-O 26. Rhc1 Rc3+ 27.
Kxd4 Bf6+ 28. e5 Bxe5+ 29. Kxe5 Re8+ 30. Kf4 Rxc1 31. Rxc1 Rxe2 32. g4 Rxa2 33.
Rc3 Kg7 34. g5 Rd2 35. Ke4 Rd7 36. Ke5 b5 37. b4 Rd2 38. Rb3 Ra2 39. Kd5 a5 40.
bxa5 Rxa5 41. Kc5 b4+ 42. Kxb4 Rxg5 43. Kc4 Rg3 44. Kd4 Rxh3 45. Ke4 Rh4+ 46.
Ke3 h5 47. Kf2 g5 48. Rb6 f6 49. Kg3 Rf4 50. Rb5 h4+ 51. Kg2 h3+ 52. Kxh3 Rxf3+
53. Kg4 Rf4+ 54. Kg3 Kg6 55. Ra5 Rc4 0-1

[Event "Mezinarodni turnaj - CALLIDITAS OPEN"]
[Site "Plzen"]
[Date "2020.08.26"]
[Round "5.25"]
[White "Soutner, Jaroslav"]
[Black "Konecny, Jakub"]
[Result "1-0"]
[WhiteElo "1726"]
[BlackElo "1245"]
[PlyCount "121"]
[EventDate "2020.08.23"]

1. e4 c6 2. Nc3 d5 3. Nf3 dxe4 4. Nxe4 Bg4 5. Bc4 e6 6. Ng3 Nf6 7. h3 Bxf3 8.
Qxf3 Be7 9. c3 Nbd7 10. Qe2 Qc7 11. d4 Rc8 12. Bb3 c5 13. Be3 c4 14. Bc2 Nd5
15. Bd2 N7f6 16. Ne4 Qc6 17. Nxf6+ Nxf6 18. O-O Qd5 19. Ba4+ b5 20. Bd1 Rc7 21.
Qf3 Qxf3 22. Bxf3 Nd5 23. a4 a6 24. axb5 axb5 25. Ra8+ Bd8 26. Rb8 O-O 27. Rxb5
Nf6 28. Ra1 Be7 29. Be2 Rd8 30. Bf4 Rc6 31. Ra7 Kf8 32. Rbb7 Re8 33. Bd1 h6 34.
Ba4 Rcc8 35. Bxe8 Rxe8 36. Be5 Nd5 37. Rb8 Rxb8 38. Bxb8 Bg5 39. Bd6+ Kg8 40.
Ra4 Bc1 41. Ba3 Nf4 42. Rxc4 Nd3 43. Rc8+ Kh7 44. Rb8 Kg6 45. Rb5 f6 46. Kf1
Kf7 47. Ke2 Nf4+ 48. Kf3 f5 49. b4 Bxa3 50. Kxf4 g5+ 51. Kf3 Bb2 52. Ke3 Bxc3
53. Rb8 e5 54. dxe5 Bxe5 55. Rb7+ Ke6 56. Rh7 f4+ 57. Ke4 Bd6 58. Rxh6+ Kd7 59.
Rxd6+ Kxd6 60. Kf5 Kc6 61. Kxg5 1-0

[Event "Mezinarodni turnaj - CALLIDITAS OPEN"]
[Site "Plzen"]
[Date "2020.08.26"]
[Round "5.26"]
[White "Nagyova, Daniela"]
[Black "Novotny, Jaromir"]
[Result "1/2-1/2"]
[WhiteElo "1572"]
[BlackElo "1737"]
[PlyCount "64"]
[EventDate "2020.08.23"]

1. e4 d5 2. exd5 Nf6 3. Nc3 Nxd5 4. d4 Bf5 5. Nf3 e6 6. Bd3 Bxd3 7. Qxd3 c6 8.
O-O Be7 9. Nxd5 cxd5 10. b3 O-O 11. c4 Bf6 12. c5 Nd7 13. b4 a5 14. Ba3 Re8 15.
b5 Qc7 16. Rab1 h6 17. Rfc1 Rec8 18. g3 Qd8 19. Rc2 Rc7 20. Bc1 g5 21. a4 Rac8
22. Bd2 b6 23. Rbc1 Kg7 24. cxb6 Rxc2 25. Rxc2 Rxc2 26. Qxc2 Qxb6 27. Qc6 Qd8
28. b6 g4 29. Ne5 Qxb6 30. Qxd7 Bxe5 31. dxe5 Qb1+ 32. Kg2 Qe4+ 1/2-1/2

[Event "Mezinarodni turnaj - CALLIDITAS OPEN"]
[Site "Plzen"]
[Date "2020.08.26"]
[Round "5.27"]
[White "Berka, Lubos"]
[Black "Roubal, Matyas"]
[Result "1-0"]
[WhiteElo "1695"]
[BlackElo "1471"]
[PlyCount "120"]
[EventDate "2020.08.23"]

1. e4 d5 2. exd5 Nf6 3. d4 Nxd5 4. c4 Nb6 5. Nf3 Bg4 6. Be2 e6 7. O-O Nc6 8. b3
Be7 9. h3 Bh5 10. Bb2 O-O 11. Nbd2 Qd7 12. Ne5 Nxe5 13. dxe5 Bxe2 14. Qxe2 Rad8
15. Ne4 Qc6 16. Qg4 Nd7 17. Nf6+ Bxf6 18. exf6 g6 19. Qh4 Kh8 20. Ba3 Rg8 21.
Be7 Rde8 22. Rad1 e5 23. Qg5 Qe6 24. Rfe1 Rxe7 25. fxe7 f6 26. Qd2 Nb8 27. Qd8
Nc6 28. Qxc7 Qxe7 29. Rd7 Rg7 30. Rxe7 Rxe7 31. Qc8+ Kg7 32. Rd1 Nd4 33. Kf1
Kf7 34. Qc5 b6 35. Qd5+ Ne6 36. Rc1 Kg7 37. b4 a6 38. c5 b5 39. c6 Nc7 40. Qd8
Kf7 41. Rd1 Ne6 42. Qb6 Rc7 43. Rd7+ Rxd7 44. cxd7 Ke7 45. Qxa6 Kxd7 46. Qxb5+
Kd6 47. a4 Nd4 48. Qb6+ Kd5 49. a5 Kc4 50. a6 Nb5 51. a7 Nxa7 52. Qxa7 g5 53.
Qf7+ Kxb4 54. Qxf6 e4 55. Qd6+ Kc3 56. Ke2 e3 57. Kxe3 g4 58. Qc6+ Kb3 59. Kd3
gxh3 60. Qb6+ Ka2 1-0

[Event "Mezinarodni turnaj - CALLIDITAS OPEN"]
[Site "Plzen"]
[Date "2020.08.26"]
[Round "5.28"]
[White "Kalista, Karel"]
[Black "Roubal, Frantisek"]
[Result "1-0"]
[WhiteElo "1656"]
[BlackElo "1208"]
[PlyCount "83"]
[EventDate "2020.08.23"]

1. d4 d5 2. c4 c6 3. Nf3 Nf6 4. Qb3 Nbd7 5. Nc3 Nb6 6. c5 Nbd7 7. Bf4 Nh5 8. e3
Nxf4 9. exf4 Nf6 10. Bd3 h6 11. O-O Qc7 12. Ne5 Nh5 13. Ne2 f5 14. Qc2 e6 15.
Qd2 Be7 16. Ng6 Rg8 17. Ng3 Nxg3 18. fxg3 Kf7 19. Ne5+ Ke8 20. Rae1 Rf8 21. Qe2
Rf6 22. Qh5+ Kf8 23. Ng6+ Kg8 24. Nxe7+ Qxe7 25. Bxf5 Rxf5 26. Qxf5 Qxc5 27.
Qxe6+ Bxe6 28. dxc5 Kf7 29. f5 Bd7 30. g4 Kf6 31. h4 Re8 32. Rxe8 Bxe8 33. Re1
Bd7 34. Kf2 b6 35. b4 b5 36. Kf3 Kf7 37. Kf4 Kf6 38. g5+ hxg5+ 39. hxg5+ Kf7
40. Rh1 Kg8 41. g6 Bc8 42. g4 1-0

[Event "Mezinarodni turnaj - CALLIDITAS OPEN"]
[Site "Plzen"]
[Date "2020.08.26"]
[Round "5.29"]
[White "Hercik, Richard"]
[Black "Zach, Tomas"]
[Result "1/2-1/2"]
[WhiteElo "1401"]
[BlackElo "1617"]
[PlyCount "68"]
[EventDate "2020.08.23"]

1. e4 e5 2. Nf3 d6 3. Be2 Nc6 4. O-O Nf6 5. Nc3 Be6 6. b3 Be7 7. Bb2 O-O 8. d4
exd4 9. Nxd4 Bd7 10. Re1 Nxd4 11. Qxd4 c6 12. e5 dxe5 13. Qxe5 Bb4 14. Qg3 Re8
15. Rad1 Bf8 16. Bf3 Rxe1+ 17. Rxe1 Qb8 18. Qh4 Qd6 19. Ne4 Nxe4 20. Bxe4 g6
21. Qf6 Qxf6 22. Bxf6 Re8 23. Kf1 Bg7 24. Bxg7 Kxg7 25. Bd3 Rxe1+ 26. Kxe1 Be6
27. Ke2 Kf6 28. Ke3 h6 29. f4 g5 30. g3 Bf5 31. fxg5+ hxg5 32. Bxf5 Kxf5 33. h3
f6 34. g4+ Ke5 1/2-1/2

[Event "Mezinarodni turnaj - CALLIDITAS OPEN"]
[Site "Plzen"]
[Date "2020.08.26"]
[Round "5.30"]
[White "Schoeppe, Christian"]
[Black "Kratochvilova, Magdalena"]
[Result "0-1"]
[WhiteElo "1528"]
[BlackElo "1580"]
[PlyCount "86"]
[EventDate "2020.08.23"]

1. f4 d5 2. Nf3 Nf6 3. c3 g6 4. e3 Bg7 5. Be2 O-O 6. O-O c5 7. Na3 b6 8. b3 Ba6
9. Bb2 Bxe2 10. Qxe2 Qc8 11. d4 Na6 12. Nc2 Nc7 13. Ne5 Nfe8 14. g4 Nd6 15. Rf2
Ne4 16. Rg2 f6 17. Nf3 a5 18. h4 c4 19. b4 a4 20. a3 Nb5 21. Qe1 Qd7 22. Kh2
Rae8 23. Rd1 Nbd6 24. Qh1 Nb5 25. Qe1 Qd6 26. Kg1 h6 27. f5 g5 28. hxg5 fxg5
29. Rh2 e6 30. Ne5 exf5 31. Kg2 Qe6 32. Kg1 fxg4 33. Rg2 h5 34. Rdd2 Nxd2 35.
Qxd2 Nd6 36. b5 Ne4 37. Qe1 g3 38. Rxg3 Nxg3 39. Qxg3 Rf5 40. e4 Bxe5 41. dxe5
Qxe5 42. Qh3 Qxe4 43. Qxh5 Rfe5 0-1

[Event "Mezinarodni turnaj - CALLIDITAS OPEN"]
[Site "Plzen"]
[Date "2020.08.26"]
[Round "5.32"]
[White "Kotesovec, Jaroslav"]
[Black "Fakan, Petr"]
[Result "1-0"]
[WhiteElo "1585"]
[BlackElo "1360"]
[PlyCount "53"]
[EventDate "2020.08.23"]

1. e4 b6 2. d4 e6 3. Nf3 Bb7 4. Bd3 Nf6 5. e5 Nd5 6. a3 c5 7. O-O Nc6 8. c4 Nc7
9. d5 exd5 10. cxd5 Nxd5 11. Bc4 Nc7 12. Re1 Be7 13. Nc3 O-O 14. Re3 Ne6 15.
Ne2 a6 16. Rd3 Ncd4 17. Nfxd4 cxd4 18. Nxd4 Be4 19. Nxe6 fxe6 20. Bxe6+ Kh8 21.
Rxd7 Bc5 22. Rxd8 Raxd8 23. Qg4 Bxf2+ 24. Kh1 Bd4 25. Bh6 Bg6 26. Bg5 Bxb2 27.
Rd1 1-0

[Event "Mezinarodni turnaj - CALLIDITAS OPEN"]
[Site "Plzen"]
[Date "2020.08.27"]
[Round "6.1"]
[White "Palek, Miroslav"]
[Black "Eret, Matous"]
[Result "1/2-1/2"]
[WhiteElo "2158"]
[BlackElo "2195"]
[PlyCount "65"]
[EventDate "2020.08.23"]

1. e4 c5 2. Nf3 e6 3. g3 Nc6 4. Bg2 Nge7 5. O-O g6 6. d4 cxd4 7. Nxd4 Bg7 8.
Be3 O-O 9. Nc3 d5 10. exd5 exd5 11. h3 Be6 12. Nce2 Nf5 13. Nxf5 Bxf5 14. c3
Be4 15. f3 Bf5 16. Nd4 Re8 17. Qd2 Qc7 18. Kh2 Nxd4 19. Bxd4 Bxd4 20. Qxd4 Re2
21. Rf2 Rae8 22. Raf1 Qa5 23. g4 Bd7 24. a3 Qb5 25. b4 Qc4 26. f4 Qxd4 27. cxd4
Bc6 28. Kg3 a6 29. Rxe2 Rxe2 30. Rf2 Re3+ 31. Rf3 Re2 32. Rf2 Re1 33. Rf1
1/2-1/2

[Event "Mezinarodni turnaj - CALLIDITAS OPEN"]
[Site "Plzen"]
[Date "2020.08.27"]
[Round "6.2"]
[White "Vilimek, Vit"]
[Black "Arndt, Stefan"]
[Result "1-0"]
[WhiteElo "1761"]
[BlackElo "2168"]
[PlyCount "93"]
[EventDate "2020.08.23"]

1. e4 d6 2. d4 Nf6 3. Nc3 Nbd7 4. Nf3 e5 5. Bc4 Be7 6. O-O c6 7. a4 Qc7 8. Re1
h6 9. Nh4 exd4 10. Qxd4 Ne5 11. Ba2 Nfg4 12. Nf5 Bxf5 13. exf5 c5 14. Nd5 Qd7
15. Qe4 Kf8 16. f4 Nc6 17. Qc4 Bh4 18. g3 Nd4 19. Qd3 Bd8 20. h3 Nf6 21. g4
Nxd5 22. Bxd5 Bh4 23. Re4 h5 24. c3 Nc6 25. g5 Ne7 26. Re2 Nxf5 27. Bd2 Ng3 28.
Rh2 Re8 29. Be1 Qf5 30. Qxf5 Nxf5 31. Bxh4 Nxh4 32. Bxb7 g6 33. Bc6 Re7 34. Kf2
Kg7 35. Re1 Rxe1 36. Kxe1 Rc8 37. Bd5 Rb8 38. Re2 Kf8 39. Bc6 Nf5 40. Bd5 Ne7
41. Bf3 a5 42. Kd1 Nf5 43. Kc2 Ng7 44. Bd5 h4 45. Re4 Nf5 46. b4 Ne7 47. Rxe7
1-0

[Event "Mezinarodni turnaj - CALLIDITAS OPEN"]
[Site "Plzen"]
[Date "2020.08.27"]
[Round "6.3"]
[White "Haba, Zdenek"]
[Black "Novacek, Karel"]
[Result "1/2-1/2"]
[WhiteElo "2163"]
[BlackElo "2030"]
[PlyCount "151"]
[EventDate "2020.08.23"]

1. d4 d5 2. c4 Nc6 3. Nc3 Nf6 4. cxd5 Nxd5 5. Nf3 Bg4 6. e4 Nxc3 7. bxc3 e5 8.
d5 Nb8 9. Qa4+ Bd7 10. Qb3 Na6 11. Nxe5 Nc5 12. Qc2 Ba4 13. Qb1 c6 14. Be3 Qe7
15. Bd4 f6 16. d6 Qxd6 17. Nd3 Nxd3+ 18. Bxd3 O-O-O 19. Be2 Qa3 20. O-O Bc5 21.
Bxc5 Qxc5 22. Qb2 Rhe8 23. Rab1 Re7 24. Rfc1 b6 25. Bg4+ Kb8 26. Bf3 Red7 27.
Qb4 Qxb4 28. Rxb4 Bd1 29. Rd4 Rxd4 30. cxd4 Bxf3 31. gxf3 Rxd4 32. Rxc6 Rd2 33.
Re6 Kc7 34. Re7+ Rd7 35. Re6 a5 36. Kf1 a4 37. Ke2 Kb7 38. f4 b5 39. e5 f5 40.
Re8 b4 41. e6 Rc7 42. Kd3 b3 43. axb3 axb3 44. e7 Kc6 45. Rb8 Rxe7 46. Rxb3 Kd7
47. Rb6 Ke8 48. Rb5 g6 49. Re5 Kf7 50. Ke3 Kf6 51. Kd4 Ra7 52. Re3 Ra4+ 53. Kd3
Rxf4 54. Ke2 Rh4 55. h3 Re4 56. Rxe4 fxe4 57. Ke3 Kg5 58. f3 exf3 59. Kxf3 Kh4
60. Kg2 Kg5 61. Kg3 Kf5 62. Kf3 Ke5 63. Ke3 Kf5 64. Kf3 g5 65. Ke3 h5 66. Kf3
Ke5 67. Ke3 Kd5 68. Kd3 Ke5 69. Ke3 Kf5 70. Kf3 Ke5 71. Ke3 g4 72. hxg4 hxg4
73. Kf2 Kf4 74. Kg2 g3 75. Kg1 g2 76. Kxg2 1/2-1/2

[Event "Mezinarodni turnaj - CALLIDITAS OPEN"]
[Site "Plzen"]
[Date "2020.08.27"]
[Round "6.4"]
[White "Kozak, Milos"]
[Black "Seterle, Matej"]
[Result "1-0"]
[WhiteElo "2135"]
[BlackElo "1745"]
[PlyCount "73"]
[EventDate "2020.08.23"]

1. d4 d6 2. c4 Nf6 3. Nc3 c6 4. e4 Qa5 5. f3 e5 6. d5 Nbd7 7. Be3 Be7 8. a3 O-O
9. b4 Qc7 10. Rc1 a6 11. Bd3 c5 12. Nge2 h6 13. g4 Nh7 14. h4 b6 15. Ng3 Re8
16. Nf5 Bf6 17. Qd2 Ndf8 18. g5 hxg5 19. hxg5 Be7 20. Qh2 Qd8 21. Nxe7+ Qxe7
22. Rc2 Bd7 23. Qh4 Qd8 24. Rch2 b5 25. Qg3 cxb4 26. axb4 bxc4 27. Bc2 Qb8 28.
Rxh7 Nxh7 29. Qh4 Qxb4 30. Qxh7+ Kf8 31. Kd2 Bb5 32. Qh8+ Ke7 33. Qxg7 Rf8 34.
g6 Qa5 35. gxf7 Qc7 36. Rh7 Kd7 37. Qg4+ 1-0